Antarjatik samparka (Record no. 7395)

MARC details
000 -LEADER
fixed length control field 00489cam a2200205ua 4500
008 - FIXED-LENGTH DATA ELEMENTS--GENERAL INFORMATION
fixed length control field 150127n ii |||gr||||Z||||||asm
020 ## - INTERNATIONAL STANDARD BOOK NUMBER
International Standard Book Number 9789382030065
040 ## - CATALOGING SOURCE
Transcribing agency MAIN
041 ## - LANGUAGE CODE
-- asm
082 ## - DEWEY DECIMAL CLASSIFICATION NUMBER
Classification number 327
100 ## - MAIN ENTRY--PERSONAL NAME
Personal name Gohain, Nabin,
Relator term
245 ## - TITLE STATEMENT
Title Antarjatik samparka
Statement of responsibility, etc. by Nabin Gohain
250 ## - EDITION STATEMENT
Edition statement 2nd.
260 ## - PUBLICATION, DISTRIBUTION, ETC.
Place of publication, distribution, etc. Jorhat:
Name of publisher, distributor, etc. Unika,
Date of publication, distribution, etc. 2013.
300 ## - PHYSICAL DESCRIPTION
Extent 520p.
700 ## - ADDED ENTRY--PERSONAL NAME
Personal name Das, Bikash Ch.,
Relator term
942 ## - ADDED ENTRY ELEMENTS (KOHA)
Koha item type Books
653 ## - INDEX TERM--UNCONTROLLED
Uncontrolled term International relations
Holdings
Withdrawn status Lost status Damaged status Not for loan Home library Current library Shelving location Date acquired Total Checkouts Full call number Barcode Date last seen Copy number Price effective from Koha item type Date last checked out
        Central Library, Naharkatiya College Central Library, Naharkatiya College General Stacks 19/09/2020   327 | GOH 21416 19/09/2020 3 19/09/2020 Books  
        Central Library, Naharkatiya College Central Library, Naharkatiya College General Stacks 19/09/2020   327 | GOH 21417 19/09/2020 1 19/09/2020 Books  
        Central Library, Naharkatiya College Central Library, Naharkatiya College General Stacks 19/09/2020 1 327 | GOH 21418 19/11/2025 2 19/09/2020 Books 08/11/2025

Naharkatiya College © 2020. All rights reserved.

Powered By